| 000 | 00807cam a2200277 a 4500 | ||
|---|---|---|---|
| 001 | 83740 | ||
| 003 | GBCCL | ||
| 005 | 20241126110402.0 | ||
| 008 | 720526s1949 nyu b 000 0 eng | ||
| 010 | _a 49010200 | ||
| 035 | _a(OCoLC)00318647 | ||
| 040 |
_aDLC _cWBU _dOCL _dSER _dLBB |
||
| 049 |
_aLBBK _aLBBN |
||
| 050 | 0 |
_aBR516 _b.C57 1949 |
|
| 082 | 0 |
_a280.0973 _bCLA |
|
| 090 |
_aBR516.5 _b.C5 |
||
| 100 | 1 |
_aClark, Elmer Talmage, _d1886- _92973 |
|
| 245 | 1 | 4 |
_aThe small sects in America / _cby Elmer T. Clark. |
| 250 | _aRev. ed. | ||
| 260 |
_aNew York : _bAbingdon-Cokesbury Press, _cc1949. |
||
| 300 |
_a256 p. ; _c24 cm. |
||
| 504 | _aIncludes bibliographical references (p. 236-240). | ||
| 650 | 0 |
_aSects _zUnited States. _92884 |
|
| 651 | 0 |
_aUnited States _xReligion. _91003 |
|
| 942 |
_2ddc _cBK |
||
| 999 |
_c1483 _d1483 |
||